Historia de la locura en la época clásica. (Registro nro. 552)

Detalles MARC
000 -LEADER
fixed length control field 01207cam a2200289 a 4500
005 - FECHA ULTIMA MODIFICACION
control field 20240614103910.0
008 - CAMPO DE CONTROL (LIBRO)
fixed length control field 100805s2004||||ag | |||| 00| 0 spa d
020 ## - INTERNATIONAL STANDARD BOOK NUMBER
ISBN 9505570805
041 ## - CODIGO DE IDIOMA
Código de idioma del texto/pista de sonido o título separado spa
092 ## - SIGNATURA TOPOGRAFICA DEWEY LOCAL
número de clasificación 632.20903
libristica 26
sección FOU
100 1# - ENTRADA PRINCIPAL--NOMBRE PERSONAL
Nombre personal Foucault, Michel.
9 (RLIN) 958
245 ## - TITULO PROPIAMENTE DICHO
Título Historia de la locura en la época clásica.
Subtítulo y Título paralelo T.2 Breviarios /
Mención de responsabilidad y remanente de la transcripción de la portada Michel Foucault.
250 ## - MENCION DE EDICION
Mención de edición 1a ed. 5 reimp.
260 ## - PIE DE IMPRENTA
Lugar de publicación, distribución, etc Buenos Aires:
Nombre de la editorial, distribuidor, etc Fondo de Cultura Económica;
Fecha de publicación 2004.
300 ## - DESCRIPCION FISICA
Extension 411 p.
500 ## - NOTA GENERAL
Nota general Foucault, M. (2004). Historia de la locura en la época clásica. T.2 Breviarios. (1a ed.). Buenos Aires : Fondo de Cultura Económica.
653 #3 - TÉRMINO INDIZADO - PALABRAS CLAVES
Palabra clave El gran miedo
653 #3 - TÉRMINO INDIZADO - PALABRAS CLAVES
Palabra clave La nueva separación
653 #4 - TÉRMINO INDIZADO - PALABRAS CLAVES
Palabra clave Del buen uso de la libertad
653 ## - TÉRMINO INDIZADO - PALABRAS CLAVES
Palabra clave Nacimiento del asilo
653 #3 - TÉRMINO INDIZADO - PALABRAS CLAVES
Palabra clave El círculo antropológico
653 ## - TÉRMINO INDIZADO - PALABRAS CLAVES
Palabra clave Anexo: Historia del Hospital General
653 ## - TÉRMINO INDIZADO - PALABRAS CLAVES
Palabra clave Apéndice: I La locura, la ausencia de obra. II Mi cuerpo, ese papel, ese fuego. Los privilegios del sueño sobre la locura. Mi experiencia del sueño. El ejemplo el "bueno" y el "malo". La descalificación del sujeto. La extravagancia de los pintores.
930 ## - NUMERO DE INVENTARIO
Número de inventario 1154
930 ## - NUMERO DE INVENTARIO
Número de inventario 1156
942 ## - ADDED ENTRY ELEMENTS (KOHA)
Source of classification or shelving scheme Dewey Decimal Classification
Item type Libros
Existencias
Estado de retiro Existencia Estado general No para prestamo Ubicación permanente ubicación actual Sala de ubicación Fecha de adquisición Total Checkouts Número de clasificación Código de barras Date last seen Número de ejemplar Price effective from Koha tipo de elemento (item) Date last borrowed
        Biblioteca Medicina Biblioteca Medicina Circulación 13/05/2011   632.20903 26 FOU 1154 06/11/2014 ej.1 13/05/2011 Libros  
        Biblioteca Medicina Biblioteca Medicina Circulación 13/05/2011 3 632.20903 26 FOU 1156 06/11/2014 ej.2 13/05/2011 Libros 25/03/2013

UNIVERSIDAD NACIONAL DEL COMAHUE
Biblioteca de la Facultad de Ciencias Médicas
Sede Toschi: Los Arrayanes y Av. Toschi, Cipolletti  - Rio Negro
Sede Los Tordos:  Yrigoyen al 2211, Cipolletti - Rio Negro 

Teléfono: 0299 - 4774707 int 25
Contacto: biblioteca@facimed.uncoma.edu.ar
© 2011 - 2026